Language Quiz

Random Language or Animal Quiz

Italian: Animals Quiz Stats

 Plays Quiz Updated Feb 7, 2020

Support Sporcle.
Go Orange.
Score 0/20 Timer 04:00
1 Play Today
English Italian % Correct
catil gatto
88.1%
dogil cane
83.7%
fishil pesce
78.6%
chickenil pollo or la gallina
75.8%
horseil cavallo
64%
lionil leone
60.5%
cowla vacca or la mucca
57%
bearl'orso
51%
snakeil serpente
46.2%
insectl'insetto
43.5%
English Italian % Correct
birdl'uccello
43.3%
pigil maiale
41%
mouse/ratil topo
40.7%
rabbitil coniglio
40.1%
beel'ape
36.6%
flyla mosca
34.7%
frogla rana
33.1%
spideril ragno
31%
sheepla pecora
31%
goatla capra
28.5%

From the Vault

Music Acrostic Puzzle II

by bhenderson79

Music 9m
Why not start your day with an Acrostic playlist to get your brain going?
Remove Ads.
Support Sporcle.
Get the best of Sporcle when you Go Orange. This ad-free experience offers more features, more stats, and more fun while also helping to support Sporcle. Thank you for becoming a member.

Show Comments

Extras

Top Quizzes Today


Score Distribution

Your Account Isn't Verified!

In order to create a playlist on Sporcle, you need to verify the email address you used during registration. Go to your Sporcle Settings to finish the process.

Report this User

Report this user for behavior that violates our Community Guidelines.

Details: